The Lion handbook to the Bible, (Record no. 8483)

MARC details
000 -LEADER
fixed length control field 01066cam a2200313 4500
001 - CONTROL NUMBER
control field 793154
003 - CONTROL NUMBER IDENTIFIER
control field OSt
005 - DATE AND TIME OF LATEST TRANSACTION
control field 20191101171701.0
008 - FIXED-LENGTH DATA ELEMENTS--GENERAL INFORMATION
fixed length control field 740713s1973 enkabh 001 0 eng
010 ## - LIBRARY OF CONGRESS CONTROL NUMBER
LC control number 74167395
015 ## - NATIONAL BIBLIOGRAPHY NUMBER
National bibliography number GB73-29090
020 ## - INTERNATIONAL STANDARD BOOK NUMBER
International Standard Book Number 085648010X
040 ## - CATALOGING SOURCE
Original cataloging agency DLC
Transcribing agency DLC
Modifying agency DLC
050 00 - LIBRARY OF CONGRESS CALL NUMBER
Classification number BS417
Item number .E35 1973b
082 00 - DEWEY DECIMAL CLASSIFICATION NUMBER
Classification number 220/.02/02
240 00 - UNIFORM TITLE
Uniform title Eerdmans' handbook to the Bible
245 04 - TITLE STATEMENT
Title The Lion handbook to the Bible,
Statement of responsibility, etc. edited and produced by David and Pat Alexander; consulting editors David Field [and others]
260 ## - PUBLICATION, DISTRIBUTION, ETC.
Place of publication, distribution, etc. Berkhamsted,
Name of publisher, distributor, etc. Lion Publishing,
Date of publication, distribution, etc. 1973.
300 ## - PHYSICAL DESCRIPTION
Extent 680 p.
Other physical details illus. (chiefly col.), facsims., col. maps.
Dimensions 23 cm.
350 ## - PRICE (NR) (BK AM CF MU VM SE) [OBSOLETE]
Price £3.75
500 ## - GENERAL NOTE
General note American ed. published under title: Eerdmans' handbook to the Bible.
500 ## - GENERAL NOTE
General note Includes index.
630 00 - SUBJECT ADDED ENTRY--UNIFORM TITLE
Uniform title Bible
Form subdivision Handbooks, manuals, etc.
700 1# - ADDED ENTRY--PERSONAL NAME
Personal name Alexander, David,
Dates associated with a name 1937-2002,
Relator term ed.
700 1# - ADDED ENTRY--PERSONAL NAME
Personal name Alexander, Pat,
Dates associated with a name 1937-
Relator term ed.
740 0# - ADDED ENTRY--UNCONTROLLED RELATED/ANALYTICAL TITLE
Uncontrolled related/analytical title Handbook to the Bible.
906 ## - LOCAL DATA ELEMENT F, LDF (RLIN)
a 7
b cbc
c orignew
d 4
e ncip
f 19
g y-gencatlg
942 ## - ADDED ENTRY ELEMENTS (KOHA)
Source of classification or shelving scheme Dewey Decimal Classification
Koha item type Books

No items available.


OPAC Designed and Maintained by HMC Library Team.
Copyright © HMC Library,Greater Noida, UP.
For any Suggestions/Query Contact library via Email:libhmc@gmail.com